Music Quiz

Random Music Quiz

Queen (band) Quiz Stats

 Plays Quiz not verified by Sporcle

Challenge
Share
Tweet
Embed
Score 0/16 Timer 15:00
1 Play Today
Hint Answer % Correct
Who Was Queen's guitaristBrian may
95.8%
Who wrote Bohemian RapsodyFreddie Mercury
95.8%
Who Was Queen's BassistJohn Deacon
93.5%
Who was Queen's youngest memberJohn Deacon
93.5%
Who Wrote Another one Bites The dustJohn Deacon
93.5%
Who was the last member to join QueenJohn Deacon
93.5%
Which year did Freddie mercury Die1991
90.6%
When was Live Aid1985
82.6%
Hint Answer % Correct
When Were Queen Formed1970
78.6%
Which Band were Rodger Taylor and Brian may in before QueenSmile
76.3%
what is Brian may's Guitar CalledRed special
67.2%
Where did Queen Perform on the 11th July 1986Wembely Stadium
66.4%
What was queen's First songKeep Yourself alive
57.6%
what was freddie's last tour with QueenA kind of magic
55.5%
Who sings the last 'For Meeeee!' in Bohiemian RhapsodyRodger Taylor
53.1%
Which guitarist did brian may and Rodger taylor perform tie your mother down with at the freddie mercury tribute concertSlash
48.2%

You're not logged in!

Compare scores with friends on all Sporcle quizzes.
Join for Free
OR
Log In

You Might Also Like...

Show Comments

Extras

Created Dec 22, 2011ReportNominate
Tags:queen

Top Quizzes Today


Score Distribution

Your Account Isn't Verified!

In order to create a playlist on Sporcle, you need to verify the email address you used during registration. Go to your Sporcle Settings to finish the process.

Report this User

Report this user for behavior that violates our Community Guidelines.

Details: